Statistieken voor Landen met maar 1 buurland - Vormen

Klik hier om de quiz te nemen!

Algemene statistieken

  • Deze quiz is 138 keer genomen
  • De gemiddelde score is 10 van 17

Antwoordstatistieken

Antwoord% Correct
Canada
95%
Verenigd Koninkrijk
88%
Portugal
83%
Denemarken
79%
Ierland
73%
Papoea-Nieuw-Guinea
67%
Vaticaanstad
62%
Monaco
60%
Zuid-Korea
54%
Gambia
53%
Haïti
51%
Oost-Timor
38%
Lesotho
36%
San Marino
36%
Qatar
31%
Dominicaanse Republiek
29%
Brunei
27%

Scoreverdeling

Percentiel versus Aantal Correcte Antwoorden

Procent van Mensen met Elke Score

Uw Scoregeschiedenis

U heeft deze quiz nog niet genomen